000 01400nam a22002417a 4500
999 _c57178
_d57178
003 Ge_BSU
005 20191223150111.0
008 191223s2019 ge ||||| |||| 00| 0 geo d
020 _a9789941819162
041 _ageo
080 _a347.962+349.2(479.22) ე-95
245 _aევპორული კავშირის მართლმსაჯულების სასამართლო პრაქტიკა და ქართული შრომის სამართალი /
_cეკატერინე გასიტაშვილი ; ნინო ბაქაქური ; ეკატერინე ქარდავა ; მაია კარტოზია ; ნინო ლიპარტია ; რედ. ეკატერინე ქარდავა.
264 _aთბილისი,
_c2019.
300 _a213 გვ .:
_c20 სმ.
653 _aსამართალი
700 _aგასიტაშვილი, ეკატერინე
_92238
700 _aბაქაქური, ნინო
_95914
700 _aქარდავა, ეკატერინე
_95915
700 _aკარტოზია, მაკა
_95916
700 _a ლიპარტია, ნინო
_95917
700 _aქარდავა, ეკატერინე
_95918
942 _2udc
_cBK